000367898 001__ 367898
000367898 005__ 20260506173058.0
000367898 0247_ $$2I:(DE-82)510000-1_20140620$$aG:(DE-82)START-105_25$$dG:(DE-82)START
000367898 035__ $$aG:(DE-82)START-105_25
000367898 150__ $$aDrosophila melanogaster als Modell für die RHOBTB2-assoziierte entwicklungsbedingte und epileptische Enzephalopathie$$y2026-01-01 - 2028-01-01
000367898 450__ $$aSTART-105_25$$wd
000367898 5101_ $$0I:(DE-82)510000-1_20140620$$aMedizinische Fakultät RWTH Aachen$$bMedFak
000367898 909CO $$ooai:juser.fz-juelich.de:1057393$$pauthority:GRANT$$pauthority
000367898 909CO $$ooai:juser.fz-juelich.de:1057393
000367898 980__ $$aG
000367898 980__ $$aAUTHORITY